Detektiv Ellie Reevesová. Květinové hroby /

Uloženo v:
Série:Detektiv Ellie Reevesová, část 2
Hlavní autor: Herron, Rita B. (Autor)
Další autoři: Horáková, Tereza (Autor)
Médium: Kniha
Jazyk:Czech
Vydáno: Praha : Kniha Zlín, 2026
Vydání:Vydání první
Témata:
Celkem bylo vypůjčeno:1x
Příbuzné jednotky:Z cyklu:: Detektiv Ellie Reevesová
Tagy:
Žádné tagy
LEADER 01676nam a2200457 i 4500
001 106489
003 CZ PrNK
005 20260604154143.0
007 ta
008 260519s2026 xr g 000 f cze
015 |a cnb003759204 
020 |a 9788025911570  |q (vázáno) :  |c Kč 399,00 
040 |a ABG001  |b cze  |e rda 
041 1 |a cze  |h eng 
072 7 |a 821.111(73)-3  |x Americká próza  |2 Konspekt  |9 25 
080 |a 821.111(73)-31  |2 MRF 
080 |a (0:82-312.4)  |2 MRF 
100 1 |a Herron, Rita B.  |7 xx0136182  |4 aut  |9 117113 
240 1 0 |a Wildflower graves.  |l Česky 
245 1 0 |a Detektiv Ellie Reevesová.  |p Květinové hroby /  |c Rita Herron ; přeložila Tereza Horáková 
246 3 0 |a Květinové hroby 
250 |a Vydání první 
264 1 |a Praha :  |b Kniha Zlín,  |c 2026 
300 |a 387 stran ;  |c 21 cm 
336 |a text  |b txt  |2 rdacontent 
337 |a bez média  |b n  |2 rdamedia 
338 |a svazek  |b nc  |2 rdacarrier 
500 |a Přeloženo z angličtiny 
655 7 |a americké romány  |7 fd131796  |2 czenas  |9 53403 
655 7 |a detektivní romány  |7 fd132010  |2 czenas  |9 53536 
655 7 |a thrillery (romány)  |7 fd184206  |2 czenas  |9 54254 
655 9 |a American fiction  |2 eczenas 
655 9 |a detective novels  |2 eczenas 
655 9 |a thrillers (novels)  |2 eczenas 
700 1 |a Horáková, Tereza  |7 xx0037056  |4 trl  |9 16737 
710 2 |a Nakladatelství Kniha Zlin  |7 xx0231594  |4 pbl  |9 117179 
787 0 8 |i Z cyklu:  |t Detektiv Ellie Reevesová  |g 2 
910 |a UOG502 
942 |2 ddc  |c KN 
999 |d 106489 
993 |0 0  |1 421180107209  |2 ddc  |4 0  |7 0  |9 99933  |b 0  |c 107209  |d 2026-06-04  |e 1  |f DOSP  |h 399.00  |i Koupě  |l DOSP  |q 2026-07-17  |r 2026-06-05  |s 2026-06-05  |t 6  |w 2026-06-04  |y KN  |z KRIMI  |n